| 000 | 00825cab a2200265 4500 | ||
|---|---|---|---|
| 001 | WB3231-47 | ||
| 008 | 090401t1996 xxu||||| |||| 00| 0 eng d | ||
| 035 | _a(Sirsi) u69661 | ||
| 041 | _aeng | ||
| 245 | _aHome shopping `over-hyped and floundering` | ||
| 260 | _c1996 | ||
| 350 | _a0 | ||
| 490 |
_aFinancial Times _v12 August 1996, 8 |
||
| 490 |
_aIndependent _v12 August 1996, 16(1) |
||
| 520 | _aElectronic shopping is `floundering` and will have `minimal impact in the next 10 years`, according to a report by retail consultants Verdict. | ||
| 650 | _aELECTRONIC SHOPPING | ||
| 650 | _aHOME SHOPPING | ||
| 650 | _aINTERNET | ||
| 650 | _aRETAILING | ||
| 650 | _aTELESHOPPING | ||
| 650 | _aVERDICT | ||
| 690 | _aMANAGEMENT-BUSINESS MANAGEMENT-INFORMATION MANAGEMENT | ||
| 942 | _n0 | ||
| 948 | _c04/03/1997 | ||
| 999 |
_c43768 _d43768 |
||